Visualizzazione normale
Vista MARC
- Cogliati Adelio
di Personal Name
Records bibliografici associati: 1
001 - CONTROL NUMBER
- control field: 23304
003 - CONTROL NUMBER IDENTIFIER
- control field: IT-RoPau
005 - DATE AND TIME OF LATEST TRANSACTION
- control field: 20140501094218.0
008 - FIXED-LENGTH DATA ELEMENTS
- fixed length control field: 140501|| aca||aabn | a|a d
040 ## - CATALOGING SOURCE
- Original cataloging agency: IT-RoPau
- Transcribing agency: IT-RoPau
100 ## - HEADING--PERSONAL NAME
- Personal name: Cogliati Adelio
- Relator term: Autore testo e musica
- Miscellaneous information: Codice autore testo/musica SPICS: 18804
670 ## - SOURCE DATA FOUND
- Source citation: Work cat.: (IT-RoPau)101381: Cassano Piero 23301, In certi momenti (Lp Ddd 460445)